<?xml version="1.0" encoding="UTF-8"?>
<record
    xmlns:xsi="http://www.w3.org/2001/XMLSchema-instance"
    xsi:schemaLocation="http://www.loc.gov/MARC21/slim http://www.loc.gov/standards/marcxml/schema/MARC21slim.xsd"
    xmlns="http://www.loc.gov/MARC21/slim">

  <leader>01706nas a2200253   4500</leader>
  <datafield tag="952" ind1=" " ind2=" ">
    <subfield code="0">0</subfield>
    <subfield code="1">0</subfield>
    <subfield code="4">0</subfield>
    <subfield code="7">0</subfield>
    <subfield code="a">FUSBC</subfield>
    <subfield code="b">FUSBC</subfield>
    <subfield code="c">REV</subfield>
    <subfield code="d">2017-11-17</subfield>
    <subfield code="l">0</subfield>
    <subfield code="r">2017-11-17 00:00:00</subfield>
    <subfield code="w">2017-11-17</subfield>
    <subfield code="y">ANA</subfield>
  </datafield>
  <datafield tag="999" ind1=" " ind2=" ">
    <subfield code="c">64129</subfield>
    <subfield code="d">64129</subfield>
  </datafield>
  <controlfield tag="001">768714001</controlfield>
  <controlfield tag="003">CO-MdFUSB</controlfield>
  <controlfield tag="005">20171117110615.0</controlfield>
  <controlfield tag="008">171117s2017    ck ||||| |||| 00| 0 spa d</controlfield>
  <datafield tag="022" ind1=" " ind2=" ">
    <subfield code="a">0120-3649</subfield>
  </datafield>
  <datafield tag="040" ind1=" " ind2=" ">
    <subfield code="a">CO-MdFUSB</subfield>
    <subfield code="b">spa</subfield>
    <subfield code="c">CO-MdFUSB</subfield>
    <subfield code="d">CO-MdFUSB</subfield>
  </datafield>
  <datafield tag="041" ind1=" " ind2=" ">
    <subfield code="a">spa</subfield>
  </datafield>
  <datafield tag="100" ind1=" " ind2=" ">
    <subfield code="a">Santamar&#xED;a Rodr&#xED;guez, Juan Esteban</subfield>
    <subfield code="e">autor</subfield>
  </datafield>
  <datafield tag="245" ind1="0" ind2="3">
    <subfield code="a">La victimidad como "lugar teol&#xF3;gico". Apropiaci&#xF3;n teologal desde Ignacio Ellacur&#xED;a</subfield>
    <subfield code="c">/ Juan Esteban Santamar&#xED;a Rodr&#xED;guez</subfield>
  </datafield>
  <datafield tag="300" ind1=" " ind2=" ">
    <subfield code="a">Volumen 67. N&#xFA;mero 184 (2017), p&#xE1;ginas 481-508</subfield>
    <subfield code="c">: 24 cm.</subfield>
  </datafield>
  <datafield tag="520" ind1="1" ind2=" ">
    <subfield code="a">El art&#xED;culo identifica la &#x201C;victimidad&#x201D; como &#x201C;lugar pol&#xED;tico&#x201D; en el contexto del conflicto armado colombiano; y resalta la relevancia de dicha condici&#xF3;n humana como &#x201C;lugar teol&#xF3;gico&#x201D;
y &#x201C;lugar teologal&#x201D; desde la propuesta de Ignacio Ellacur&#xED;a. La importancia de la victimidad se comprende a partir del dinamismo intelectivo y sentiente como estructura humana de aprehensi&#xF3;n, apropiaci&#xF3;n y transformaci&#xF3;n de la realidad por parte de las v&#xED;ctimas; tambi&#xE9;n a partir de la significaci&#xF3;n del
&#x201C;lugar teol&#xF3;gico&#x201D; en su triple dimensi&#xF3;n (lugar de la presencia hist&#xF3;rica del Padre; mediaci&#xF3;n para la vivencia de la fe desde el seguimiento hist&#xF3;rico de Jes&#xFA;s; y posibilidad para el &#x201C;hacer teol&#xF3;gico&#x201D; en cuanto praxis teol&#xF3;gica) y la implicaci&#xF3;n teologal
para la fe cristiana y la praxis eclesial.</subfield>
  </datafield>
  <datafield tag="650" ind1=" " ind2="7">
    <subfield code="9">449</subfield>
    <subfield code="a">Teolog&#xED;a de la liberaci&#xF3;n</subfield>
  </datafield>
  <datafield tag="653" ind1=" " ind2=" ">
    <subfield code="a">Victimidad</subfield>
  </datafield>
  <datafield tag="653" ind1=" " ind2=" ">
    <subfield code="a">Lugar pol&#xED;tico</subfield>
  </datafield>
  <datafield tag="653" ind1=" " ind2=" ">
    <subfield code="a">Lugar teol&#xF3;gico</subfield>
  </datafield>
  <datafield tag="653" ind1=" " ind2=" ">
    <subfield code="a">Lugar teologal</subfield>
  </datafield>
  <datafield tag="773" ind1=" " ind2=" ">
    <subfield code="0">49424</subfield>
    <subfield code="9">76244</subfield>
    <subfield code="g">Volumen 67. N&#xFA;mero 184 (2017), p&#xE1;ginas -508</subfield>
    <subfield code="q">P&#xE1;gina 481</subfield>
    <subfield code="t">Theologica Xaveriana</subfield>
  </datafield>
  <datafield tag="942" ind1=" " ind2=" ">
    <subfield code="c">ANA</subfield>
  </datafield>
</record>
